Maharashtra: a case in brief on its border dispute with Mysore (Record no. 488877)

000 -LEADER
fixed length control field 00308cam a22001097a 4500
008 - FIXED-LENGTH DATA ELEMENTS--GENERAL INFORMATION
fixed length control field 180718bn.d. xxu||||| |||| 00| 0 eng d
082 ## - DEWEY DECIMAL CLASSIFICATION NUMBER
Classification number B813x54 M278
100 ## - MAIN ENTRY--PERSONAL NAME
Personal name Maharashtra.
245 ## - TITLE STATEMENT
Title Maharashtra: a case in brief on its border dispute with Mysore
260 ## - PUBLICATION, DISTRIBUTION, ETC.
Place of publication, distribution, etc. Bombay
Name of publisher, distributor, etc. The author
Date of publication, distribution, etc. n.d.
300 ## - PHYSICAL DESCRIPTION
Extent 10p.
Holdings
Withdrawn status Lost status Damaged status Not for loan Permanent Location Current Location Date acquired Full call number Barcode Date last seen Price effective from Koha item type
        Indian Institute of Public Administration Indian Institute of Public Administration 2018-08-04 B813x54 M278 GG6542 2018-08-04 2018-08-04 GG

Powered by Koha